| 000 | 03814nam a2200433Ia 4500 | ||
|---|---|---|---|
| 001 | bslw07272239 | ||
| 003 | UtOrBLW | ||
| 005 | 20210303085239.0 | ||
| 006 | m d | ||
| 007 | cr un||||||||| | ||
| 008 | 110321s2010 enka ob 000 0 eng d | ||
| 020 |
_a9781849509732 (electronic bk.) : _c£67.95 ; €97.95 ; $114.95 |
||
| 040 |
_aUtOrBLW _cUtOrBLW |
||
| 050 | 4 |
_aHM1121 _b.C66 2010 |
|
| 072 | 7 |
_aJPA _2bicssc |
|
| 072 | 7 |
_aPBCD _2bicssc |
|
| 072 | 7 |
_aPOL000000 _2bisacsh |
|
| 072 | 7 |
_aSOC026000 _2bisacsh |
|
| 080 | _a3 | ||
| 082 | 0 | 4 |
_a303.6 _222 |
| 245 | 0 | 0 |
_aConflict, complexity and mathematical social science _h[electronic resource] / _cedited by Gordon Burt. |
| 260 |
_aBingley, U.K. : _bEmerald, _c2010. |
||
| 300 |
_a1 online resource (270 p.) : _bill. |
||
| 490 | 1 |
_aContributions to conflict management, peace economics and development, _x1572-8323 ; _vv. 15 |
|
| 504 | _aIncludes bibliographical references. | ||
| 505 | 0 | _ach. 1. Introduction and overview / Gordon Burt -- ch. 2. Set theory and social reality / Gordon Burt -- ch. 3. Mathematics, logic, artificial intelligence and ordinary language / Gordon Burt -- ch. 4. Possibility and probability : value, conflict and choice / Gordon Burt -- ch. 5. Theory, evidence and reality : the mean and median ideals of competing groups / Gordon Burt -- ch. 6. Social design, ethics and the amount of value / Gordon Burt -- ch. 7. Change, multiple-entity systems and complexity / Gordon Burt -- ch. 8. Mathematical psychology / Gordon Burt -- ch. 9. Models of individual choice / Gordon Burt -- ch. 10. Mathematical sociology / Gordon Burt -- ch. 11. Mathematical political science and game theory / Gordon Burt -- ch. 12. The mathematical economics of social participation : complexity / Gordon Burt -- ch. 13. Life and history : the speculative pursuit of value / Gordon Burt -- ch. 14. World history : the growth and distribution dynamics of power, truth and value / Gordon Burt -- ch. 15. Debating the mathematical science approach to international relations / Gordon Burt. | |
| 520 | _aConflict, Complexity and Mathematical Social Science provides a foundational mathematical approach to the modelling of social conflict. The book illustrates how theory and evidence can be mathematically deepened and how investigations grounded in social choice theory can provide the evidence needed to inform social practice. Countering criticism from constructivist viewpoints it shows how discourse is grounded in mathematical logic and mathematical structure. The modelling of social conflict is viewed as an application of mathematical social science and relevant models are drawn from each field of mathematical psychology, mathematical sociology, mathematical political science and mathematical economics. Unique in its multidisciplinary focus the book brings together powerful mathematical conceptualisations of the social world from a wide range of separate areas of inquiry, thereby providing a strong conceptual framework and an integrated account of social situations. It is a vital resource for all researchers in peace science, peace and conflict studies, politics, international relations, mathematical modelling in the social sciences and complexity theory. | ||
| 588 | 0 | _aPrint version record | |
| 650 | 7 |
_aPolitical Science _xGeneral. _2bisacsh |
|
| 650 | 7 |
_aSocial Science _xSociology _xGeneral. _2bisacsh |
|
| 650 | 7 |
_aPolitical science & theory. _2bicssc |
|
| 650 | 7 |
_aMathematical logic. _2bicssc |
|
| 650 | 0 |
_aSocial conflict _xMathematical models. |
|
| 700 | 1 | _aBurt, Gordon. | |
| 776 | 1 | _z9781849509725 | |
| 830 | 0 |
_aContributions to conflict management, peace economics and development ; _vv. 15. |
|
| 856 | 4 | 0 | _uhttps://www.emerald.com/insight/publication/doi/10.1108/S1572-8323(2010)15 |
| 913 | _1BME2010 | ||
| 999 |
_c31324 _d31324 |
||